000 00590nam a22002057a 4500
003 OSt
005 20160204140330.0
008 160204b xxu||||| |||| 00| 0 eng d
020 _a1856496120
040 _cDNLM
082 _aW21 B777m 2001
100 _aBritish Medical Association
_91555
245 _aThe medical profession & Human rights: handbook for a changing agenda
260 _aLondon; Zed books, 2001
300 _axxxiii,561p; ill: 23cm
504 _aAppendices & index included
650 _aMedical ethics
_91970
650 _aHuman rights
_94785
942 _2ddc
_cO_SHELF
999 _c2958
_d2958